000
00318 a2200145 4500
001
170015
020
_a
040
_c
Magnum
100
_a
Ozmon, Howard
240
1
0
_a
Filosofia da educacao: um dialogo
_l
por
245
1
0
_a
Filosofia da educacao: um dialogo
362
0
_a
1899
697
_a
FILOSOFIA
942
_c
BK
999
_c
170015
_d
170015